| 000 | 00700nam a2200253 a 4500 | ||
|---|---|---|---|
| 001 | BRL_1378 | ||
| 005 | 20190320211155.0 | ||
| 008 | 090114s1988----sz-ao#####---#000-0#eng-# | ||
| 020 | _a8798285130 | ||
| 041 | _aeng | ||
| 044 | _asz | ||
| 050 | 4 |
_aTT145 _b.C73 1988 |
|
| 245 | 1 | 0 |
_aCraft reports from all around the world _cEditor and layout Kerstin Wickman. |
| 260 |
_aCopenhagen _bWorld Craft Council _c1988 |
||
| 300 |
_a112 p. _bil. _c30 cm. |
||
| 500 | _aAu1637 | ||
| 504 | _aBibliografía: p. 104 | ||
| 650 | 1 | 4 |
_aArtesanías _92658 |
| 650 | 1 | 4 |
_aArte popular _97800 |
| 700 | 1 |
_aWickman, Kerstin _eed. _926693 |
|
| 710 | 2 |
_aWorld Craft Council _926694 |
|
| 902 | _aGRL | ||
| 942 |
_2lcc _cB |
||
| 999 |
_c10189 _d10189 |
||